000 00333nam a2200109Ia 4500
008 171205s9999 xx 000 0 und d
020 _a9789715425148
100 _aLopez, Mellie Leandicho.
245 _cMellie Leandicho Lopez
_aA Handbook of Philippine Folklore
260 _bUniversity of the Philippines
_c2006
300 _a481 pages
999 _c347365
_d347365